Vplyv spoločenskej zodpovednosti na konkurenčnú výhodu podniku diplomová práca

Salvato in:
Dettagli Bibliografici
Autore principale: Kundrátová, Veronika
Ente Autore: Podnikovohospodárska fakulta EU so sídlom v Košiciach. Katedra manažmentu
Altri autori: Mihalčová, Bohuslava, 1963-
Natura: Libro
Lingua:slovacco
Pubblicazione: Košice 2018
Tags: Aggiungi Tag
Nessun Tag, puoi essere il primo ad aggiungerne!!

MARC

LEADER 00000nbm a2200000 4500
001 0244088
005 20181019123135.7
041 0 |a slo 
044 |a SK 
245 1 0 |a Vplyv spoločenskej zodpovednosti na konkurenčnú výhodu podniku  |b diplomová práca  |c Veronika Kundrátová ; školiteľ: Bohuslava Mihalčová 
264 1 |a Košice  |c 2018 
300 |a 67 s. 
100 1 |a Kundrátová, Veronika 
700 1 |a Mihalčová, Bohuslava, 1963- 
710 2 |a Podnikovohospodárska fakulta EU so sídlom v Košiciach. Katedra manažmentu